000 01087nam a2200289Ia 4500
003 OSt
005 20220923211226.0
006 a|||||r|||| 00| 0
007 ta
008 220922b |||||||| |||| 00| 0 hin d
020 _a9788170289128 (hbk)
_c325
024 _a324,675
037 _b396, 12/03/2018, Eastern Book Linkers
_cTextual
040 _aARTS
_cARTS
_bhin
041 _2hin
_ahin
082 _aO1541,3x, 152Q4
100 _aकमलेश्वर, संपा.
245 0 _aडोगरी की चुनी हुई कहानियॉं
246 _aḌogarī kī chunī huī kahāniyaॉan
260 _aदिल्ली
_b राजपाल एण्ड सन्ज़
_c2014
300 _a183पृ.
_ccm.
490 _aभारतीय शिखर कथा कोश
650 _a डोगरी साहित्य
650 _aडोगरी कहानी
942 _hO1541,3x, 152Q4
_cTEXL
_2CC
999 _c297236
_d297236